[Event "Landsholdsklassen"]
[Site "Svendborg"]
[Date "2018.03.24"]
[Round "1"]
[White "Borge, Nikolaj"]
[Black "Hansen, Mads"]
[Result "1-0"]
[WhiteElo "2392"]
[BlackElo "2387"]
[PlyCount "73"]
[EventDate "2018.03.24"]
[EventType "tourn"]
[EventRounds "9"]
[EventCountry "DEN"]

1. e4 c5 2. Nf3 Nc6 3. d4 cxd4 4. Nxd4 Nf6 5. Nc3 e5 6. Ndb5 d6 7. Nd5 Nxd5 8.
exd5 Nb8 9. a4 Be7 10. Be3 O-O 11. a5 Bd7 12. Nxa7 f5 13. Be2 Bg5 14. Bb6 Qe8
15. c4 Qg6 16. Nb5 Na6 17. O-O Qh6 18. Ra3 Nc5 19. Nc7 Rac8 20. b4 Ne4 21. c5
Bd8 22. c6 bxc6 23. dxc6 Bxc6 24. Bc4+ Kh8 25. Ne6 Bxb6 26. axb6 Rf6 27. b5 Bb7
28. Ra7 Rb8 29. Rxb7 Rxb7 30. Qa1 Rb8 31. Qa7 Rg8 32. b7 d5 33. Bxd5 Nc3 34.
Bc4 Qh4 35. b8=Q Rg6 36. Qxg8+ Kxg8 37. Qa8+ 1-0

[Event "Landsholdsklassen"]
[Site "Svendborg"]
[Date "2018.03.24"]
[Round "1"]
[White "Rasmussen, Allan Stig"]
[Black "Skytte, Rasmus"]
[Result "1-0"]
[WhiteElo "2540"]
[BlackElo "2394"]
[PlyCount "113"]
[EventDate "2018.03.24"]
[EventType "tourn"]
[EventRounds "9"]
[EventCountry "DEN"]

1. d4 d6 2. e4 Nf6 3. Nc3 g6 4. Be3 c6 5. f3 Nbd7 6. Qd2 b5 7. Nge2 Bb7 8. g4
Nb6 9. b3 h5 10. g5 Nfd7 11. Bg2 Bg7 12. O-O b4 13. Nd1 c5 14. f4 Qc7 15. c3 a5
16. f5 gxf5 17. Rxf5 e6 18. Rf2 Nc8 19. Rc1 Ne7 20. Nb2 Ng6 21. Na4 bxc3 22.
Nexc3 O-O 23. dxc5 dxc5 24. Nb5 Qc6 25. Nxc5 Qxb5 26. Qxd7 Bc6 27. Qd1 h4 28.
Bf1 Qb6 29. Qf3 Qd8 30. Qh3 Qe8 31. a4 Rc8 32. Rfc2 Ba8 33. Bb5 Qe7 34. Qg4 Ne5
35. Qf4 Rfd8 36. Be2 Ng6 37. Qf2 Rc7 38. Bh5 Rdc8 39. Qd2 Ne5 40. Be2 h3 41.
Qd1 Ng6 42. Ba6 Rd8 43. Rd2 Rxd2 44. Qxd2 Nh4 45. Be2 Ng2 46. Bf2 Bf8 47. Bg4
e5 48. Nd7 Rxd7 49. Qxd7 Qxg5 50. Rc7 Qg7 51. Rc8 Bb7 52. Rxf8+ Qxf8 53. Qxb7
Qa3 54. Qb8+ Kg7 55. Qxe5+ f6 56. Qc7+ Kh6 57. Bxh3 1-0

[Event "Landsholdsklassen"]
[Site "Svendborg"]
[Date "2018.03.24"]
[Round "1"]
[White "Ochsner, Bjorn Moller"]
[Black "Thybo, Jesper Sondergaard"]
[Result "1-0"]
[WhiteElo "2459"]
[BlackElo "2472"]
[PlyCount "95"]
[EventDate "2018.03.24"]
[EventType "tourn"]
[EventRounds "9"]
[EventCountry "DEN"]

1. e4 c6 2. d4 d5 3. Nc3 dxe4 4. Nxe4 Nf6 5. Nxf6+ exf6 6. c3 Bd6 7. Bd3 O-O 8.
Ne2 Re8 9. O-O Nd7 10. Bf4 Nf8 11. Bxd6 Qxd6 12. Ng3 g6 13. Ne4 Qd8 14. Re1 Kg7
15. Qf3 f5 16. Nc5 Ne6 17. Bc4 Nxc5 18. dxc5 Bd7 19. Red1 Re7 20. a4 Qe8 21. a5
Be6 22. Bf1 Bd5 23. Qd3 Re4 24. f3 Re3 25. Qd4+ f6 26. a6 Rb8 27. axb7 Rxb7 28.
b4 Bb3 29. Rd3 Rxd3 30. Qxd3 Rd7 31. Qe2 Qe5 32. Qxe5 fxe5 33. c4 Kf8 34. Ra3
Bc2 35. b5 Rb7 36. Ra2 Bd1 37. Ra1 Bc2 38. Ra2 Bd1 39. Ra6 cxb5 40. cxb5 Ke7
41. c6 Rc7 42. Rxa7 Kd6 43. Ra8 Kc5 44. Ra1 Bb3 45. Rb1 Kb4 46. Be2 Ka3 47. Bd1
Bxd1 48. b6 1-0

[Event "Landsholdsklassen"]
[Site "Svendborg"]
[Date "2018.03.24"]
[Round "1"]
[White "Bjerre, Jonas Buhl"]
[Black "Rewitz, Poul"]
[Result "1-0"]
[WhiteElo "2354"]
[BlackElo "2308"]
[PlyCount "51"]
[EventDate "2018.03.24"]
[EventType "tourn"]
[EventRounds "9"]
[EventCountry "DEN"]

1. e4 b6 2. d4 Bb7 3. Bd3 e6 4. Nf3 c5 5. c3 Nf6 6. Qe2 Be7 7. O-O Nc6 8. a3
Na5 9. Nbd2 c4 10. Bc2 Qc7 11. Ne1 g5 12. e5 Nd5 13. Ne4 h6 14. f4 Nb3 15. Bxb3
cxb3 16. fxg5 hxg5 17. Bxg5 Bxg5 18. Nd6+ Ke7 19. Rxf7+ Kd8 20. Qf3 Qc6 21. c4
Be3+ 22. Kh1 Bxd4 23. cxd5 Qxd5 24. Nxb7+ Kc7 25. Rc1+ Kxb7 26. Rxd7+ 1-0

[Event "Landsholdsklassen"]
[Site "Svendborg"]
[Date "2018.03.24"]
[Round "1"]
[White "Antonsen, Mikkel"]
[Black "Percivaldi, Martin"]
[Result "1-0"]
[WhiteElo "2449"]
[BlackElo "2388"]
[PlyCount "71"]
[EventDate "2018.03.24"]
[EventType "tourn"]
[EventRounds "9"]
[EventCountry "DEN"]

1. d4 d5 2. c4 c6 3. Nf3 Nf6 4. e3 Bg4 5. h3 Bh5 6. Nc3 e6 7. Qb3 Qc7 8. g4 Bg6
9. Ne5 Nbd7 10. Nxg6 hxg6 11. g5 dxc4 12. Bxc4 Nd5 13. Bd2 N7b6 14. Be2 Bb4 15.
a3 Nxc3 16. bxc3 Ba5 17. Kf1 O-O-O 18. e4 e5 19. Be3 Kb8 20. Rc1 Rhe8 21. Bf3
f5 22. gxf6 gxf6 23. Rg1 f5 24. Bg5 Rd7 25. exf5 gxf5 26. Bf6 exd4 27. cxd4 Qf4
28. Rb1 Qh6 29. Rg8 Qxf6 30. Rxe8+ Kc7 31. d5 Qh4 32. Bg2 c5 33. d6+ Rxd6 34.
Qf7+ Rd7 35. Qxf5 Qd4 36. Re5 1-0

[Event "Landsholdsklassen"]
[Site "Svendborg"]
[Date "2018.03.25"]
[Round "2"]
[White "Borge, Nikolaj"]
[Black "Rasmussen, Allan Stig"]
[Result "0-1"]
[WhiteElo "2392"]
[BlackElo "2540"]
[PlyCount "128"]
[EventDate "2018.03.24"]
[EventType "tourn"]
[EventRounds "9"]
[EventCountry "DEN"]

1. e4 c6 2. d4 d5 3. exd5 cxd5 4. Bf4 Nc6 5. c3 Bf5 6. Nf3 Qd7 7. Nh4 Bg4 8.
Qb3 f6 9. h3 Bh5 10. g4 Bf7 11. Bg3 h5 12. g5 O-O-O 13. Na3 e5 14. Nb5 Nge7 15.
Bd3 a6 16. a4 Qe6 17. dxe5 Nxe5 18. Be2 axb5 19. axb5 fxg5 20. b6 N7c6 21. Bxe5
gxh4 22. Ra8+ Kd7 23. Rxd8+ Kxd8 24. Bc7+ Kd7 25. Kd1 Bc5 26. Re1 Ra8 27. Bg4
hxg4 28. Rxe6 Bxe6 29. Qb5 Bxf2 30. hxg4 Bxg4+ 31. Kd2 Be6 32. Qe2 Rf8 33. b4
Bg3 34. Bxg3 hxg3 35. Qd3 Ne5 36. Qxg3 Nc4+ 37. Ke1 Nxb6 38. Qxg7+ Rf7 39. Qd4
Nc4 40. Qa7 Nd6 41. Qa4+ Ke7 42. Qa5 Rf4 43. Qc7+ Bd7 44. Qc5 Ke6 45. Qg1 Bb5
46. Qg8+ Rf7 47. Qg4+ Rf5 48. Qg8+ Kd7 49. Qh7+ Kc6 50. Qh6 Bc4 51. Kd2 Re5 52.
Qg6 Re2+ 53. Kd1 Re3 54. Qf6 Rg3 55. Kc2 Bd3+ 56. Kb2 Rg6 57. Qd8 Re6 58. Qf8
Kb5 59. Qg8 Re2+ 60. Kc1 Kc4 61. Qf8 Ne4 62. b5 Re1+ 63. Kb2 Rb1+ 64. Ka3 Rb3+
0-1

[Event "Landsholdsklassen"]
[Site "Svendborg"]
[Date "2018.03.25"]
[Round "2"]
[White "Rewitz, Poul"]
[Black "Antonsen, Mikkel"]
[Result "0-1"]
[WhiteElo "2308"]
[BlackElo "2449"]
[PlyCount "58"]
[EventDate "2018.03.24"]
[EventType "tourn"]
[EventRounds "9"]
[EventCountry "DEN"]

1. e4 e5 2. Nf3 Nc6 3. d4 exd4 4. Nxd4 Nf6 5. Nxc6 bxc6 6. e5 Qe7 7. Qe2 Nd5 8.
c4 Nb6 9. Nc3 Qe6 10. Bd2 Bb4 11. Qe4 Ba6 12. b3 Bxc3 13. Bxc3 d5 14. cxd5 cxd5
15. Qb4 Bxf1 16. Kxf1 Nd7 17. Bd4 a5 18. Qa3 Rc8 19. Rc1 c5 20. f4 Qf5 21. Be3
Qd3+ 22. Kf2 d4 23. Rhe1 dxe3+ 24. Rxe3 Qd2+ 25. Kf3 O-O 26. Rce1 Nb6 27. R1e2
Qb4 28. Qc1 c4 29. e6 fxe6 0-1

[Event "Landsholdsklassen"]
[Site "Svendborg"]
[Date "2018.03.25"]
[Round "2"]
[White "Thybo, Jesper Sondergaard"]
[Black "Bjerre, Jonas Buhl"]
[Result "1/2-1/2"]
[WhiteElo "2472"]
[BlackElo "2354"]
[PlyCount "135"]
[EventDate "2018.03.24"]
[EventType "tourn"]
[EventRounds "9"]
[EventCountry "DEN"]

1. Nf3 c5 2. c4 Nc6 3. Nc3 g6 4. e3 Bg7 5. d4 d6 6. d5 Ne5 7. Nxe5 Bxe5 8. Bd3
e6 9. e4 Ne7 10. Bh6 exd5 11. cxd5 f5 12. O-O Ng8 13. Bd2 Ne7 14. Bh6 Ng8 15.
Bd2 Ne7 16. b4 b6 17. bxc5 bxc5 18. Qa4+ Bd7 19. Bb5 a6 20. Bxd7+ Qxd7 21. Rab1
Qxa4 22. Nxa4 fxe4 23. Bc3 Bxc3 24. Nxc3 O-O 25. Rb6 Rfd8 26. Rb7 Re8 27. g4
Rab8 28. Rd7 Rbd8 29. Rxd8 Rxd8 30. Rb1 Re8 31. Rb6 Nc8 32. Rxa6 e3 33. fxe3
Rxe3 34. Nb5 Ne7 35. Rxd6 Rd3 36. Rd8+ Kf7 37. d6 Nc6 38. Rd7+ Ke6 39. Rxh7 Nd4
40. Re7+ Kf6 41. a4 Nxb5 42. axb5 Rxd6 43. Rc7 Rd5 44. h4 Rd4 45. g5+ Ke6 46.
Rxc5 Rxh4 47. Kf2 Rb4 48. Kf3 Rb3+ 49. Ke4 Rb4+ 50. Kd3 Kd6 51. Rc6+ Ke5 52. b6
Kf5 53. Kc3 Rb1 54. Kc4 Kxg5 55. Rc5+ Kh4 56. Rb5 Rc1+ 57. Kd5 Rc8 58. b7 Rb8
59. Rb4+ Kh3 60. Rb3+ Kh4 61. Ke4 g5 62. Rb5 Kh3 63. Kf3 g4+ 64. Kf2 g3+ 65.
Kg1 Kg4 66. Kg2 Kf4 67. Rb4+ Ke5 68. Kxg3 1/2-1/2

[Event "Landsholdsklassen"]
[Site "Svendborg"]
[Date "2018.03.25"]
[Round "2"]
[White "Skytte, Rasmus"]
[Black "Ochsner, Bjorn Moller"]
[Result "1/2-1/2"]
[WhiteElo "2394"]
[BlackElo "2459"]
[PlyCount "88"]
[EventDate "2018.03.24"]
[EventType "tourn"]
[EventRounds "9"]
[EventCountry "DEN"]

1. d4 Nf6 2. c4 g6 3. Nf3 Bg7 4. g3 O-O 5. Bg2 d6 6. O-O Nc6 7. Nc3 a6 8. b3
Rb8 9. d5 Na5 10. Bg5 c5 11. dxc6 Nxc6 12. Rc1 Bf5 13. Nh4 Bd7 14. Qd2 Ng4 15.
h3 h6 16. hxg4 hxg5 17. Qxg5 Bf6 18. Qh6 Ne5 19. Nd5 Bg7 20. Qg5 e6 21. Qxd8
Rfxd8 22. Nb6 Nxg4 23. Rfd1 Be8 24. Nf3 Kf8 25. e3 Ke7 26. Rc2 Nf6 27. Nd4 Nd7
28. Nxd7 Bxd7 29. a4 Be8 30. Rcd2 Bf6 31. Rd3 Kf8 32. Ne2 Be7 33. Nc3 Bc6 34.
R1d2 Rdc8 35. Rd1 Rd8 36. R1d2 Rdc8 37. Rd1 Rc7 38. Kh2 Kg7 39. Kg1 Kf8 40. Kh2
Kg7 41. Kg1 Rcc8 42. R1d2 Rd8 43. Rd1 Rdc8 44. R1d2 Rd8 1/2-1/2

[Event "Landsholdsklassen"]
[Site "Svendborg"]
[Date "2018.03.25"]
[Round "2"]
[White "Hansen, Mads"]
[Black "Percivaldi, Martin"]
[Result "1-0"]
[WhiteElo "2387"]
[BlackElo "2388"]
[PlyCount "61"]
[EventDate "2018.03.24"]
[EventType "tourn"]
[EventRounds "9"]
[EventCountry "DEN"]

1. c4 Nf6 2. Nc3 e5 3. g3 Bb4 4. Bg2 Bxc3 5. bxc3 d6 6. Rb1 Nbd7 7. e4 O-O 8.
Ne2 a6 9. Qc2 Re8 10. d3 Rb8 11. O-O b5 12. cxb5 axb5 13. h3 c6 14. f4 Nb6 15.
g4 Nfd7 16. Ng3 Nf8 17. f5 d5 18. g5 dxe4 19. Nxe4 Qc7 20. Qf2 Nd5 21. c4 bxc4
22. Rxb8 Qxb8 23. dxc4 Nb4 24. Rd1 Qa8 25. a3 Qa4 26. Rd2 Na6 27. Nd6 Rd8 28.
Qb6 Rxd6 29. Rxd6 Bxf5 30. Rd8 Qxc4 31. Rxf8+ 1-0

[Event "Landsholdsklassen"]
[Site "Svendborg"]
[Date "2018.03.26"]
[Round "3"]
[White "Rasmussen, Allan Stig"]
[Black "Hansen, Mads"]
[Result "1-0"]
[WhiteElo "2540"]
[BlackElo "2387"]
[PlyCount "71"]
[EventDate "2018.03.24"]
[EventType "tourn"]
[EventRounds "9"]
[EventCountry "DEN"]

1. d4 Nf6 2. c4 e6 3. Nf3 d5 4. g3 Be7 5. Bg2 O-O 6. O-O dxc4 7. Qc2 c6 8. Qxc4
b5 9. Qb3 Bb7 10. Be3 Nbd7 11. Rc1 Nd5 12. Nbd2 a5 13. a3 h6 14. Ne4 Qb8 15.
Bd2 Rd8 16. Qc2 b4 17. axb4 axb4 18. Rxa8 Qxa8 19. Ne1 Qa2 20. Nd3 Ba6 21. b3
Qxc2 22. Rxc2 Bb5 23. Bf3 Ra8 24. Nf4 Ra1+ 25. Kg2 Rb1 26. Ra2 Rxb3 27. Ra8+
Kh7 28. Ra7 N7b6 29. Nc5 Rb2 30. Bc1 Bxc5 31. dxc5 Nxf4+ 32. gxf4 Nc4 33. Bxb2
Nxb2 34. Rxf7 Na4 35. Be4+ Kg8 36. Bg6 1-0

[Event "Landsholdsklassen"]
[Site "Svendborg"]
[Date "2018.03.26"]
[Round "3"]
[White "Ochsner, Bjorn Moller"]
[Black "Borge, Nikolaj"]
[Result "1-0"]
[WhiteElo "2459"]
[BlackElo "2392"]
[PlyCount "75"]
[EventDate "2018.03.24"]
[EventType "tourn"]
[EventRounds "9"]
[EventCountry "DEN"]

1. d4 Nf6 2. c4 g6 3. g3 Bg7 4. Bg2 O-O 5. Nc3 c5 6. d5 e5 7. e4 d6 8. h4 a6 9.
a4 b6 10. Bg5 Qe8 11. Bf3 h5 12. Bxf6 Bxf6 13. g4 hxg4 14. Bxg4 Bxg4 15. Qxg4
Bg7 16. h5 Nd7 17. Qh3 f5 18. h6 Bf6 19. Nf3 Kh8 20. Ke2 Be7 21. Rag1 f4 22. h7
Ra7 23. Rg4 Bd8 24. Qg2 Rf6 25. Kd3 Nf8 26. Ng5 b5 27. axb5 Ba5 28. Ra1 Bxc3
29. bxc3 Qb8 30. bxa6 Rxa6 31. Qf1 Rxa1 32. Qxa1 Qb3 33. Rg1 Qb7 34. f3 Nxh7
35. Rh1 Rf7 36. Nxf7+ Qxf7 37. Qa8+ Kg7 38. Qd8 1-0

[Event "Landsholdsklassen"]
[Site "Svendborg"]
[Date "2018.03.26"]
[Round "3"]
[White "Bjerre, Jonas Buhl"]
[Black "Skytte, Rasmus"]
[Result "1/2-1/2"]
[WhiteElo "2354"]
[BlackElo "2394"]
[PlyCount "35"]
[EventDate "2018.03.24"]
[EventType "tourn"]
[EventRounds "9"]
[EventCountry "DEN"]

1. e4 e6 2. d4 d5 3. Nd2 Be7 4. Bd3 c5 5. dxc5 Nf6 6. exd5 Qxd5 7. Ngf3 Qxc5 8.
O-O Nbd7 9. Qe2 Qc7 10. Nb3 O-O 11. c3 b6 12. Nbd4 Nc5 13. Bc2 Bb7 14. Nb5 Qc6
15. Nbd4 Qc7 16. Nb5 Qc6 17. Nbd4 Qc7 18. Nb5 1/2-1/2

[Event "Landsholdsklassen"]
[Site "Svendborg"]
[Date "2018.03.26"]
[Round "3"]
[White "Antonsen, Mikkel"]
[Black "Thybo, Jesper Sondergaard"]
[Result "0-1"]
[WhiteElo "2449"]
[BlackElo "2472"]
[PlyCount "118"]
[EventDate "2018.03.24"]
[EventType "tourn"]
[EventRounds "9"]
[EventCountry "DEN"]

1. d4 Nf6 2. c4 e6 3. Nc3 Bb4 4. Qc2 d5 5. cxd5 exd5 6. Bf4 c5 7. dxc5 Ne4 8.
e3 Qa5 9. Rc1 Nd7 10. Nge2 Qxa2 11. f3 Nxc3 12. Nxc3 Qa5 13. Kf2 Qxc5 14. Nb5
Qxc2+ 15. Rxc2 Ba5 16. Bc7 Bb4 17. Bf4 Ba5 18. Bd6 Nf6 19. Nc7+ Kd7 20. Bf4
Bxc7 21. Rxc7+ Ke6 22. e4 Rd8 23. Bb5 Bd7 24. Rxb7 Bxb5 25. Rxb5 Rac8 26. Ra1
Rc2+ 27. Kg1 dxe4 28. fxe4 Kd7 29. e5 Kc6 30. Rba5 Nd5 31. Ra6+ Kb5 32. Bg3
Rc1+ 33. Rxc1 Kxa6 34. e6 fxe6 35. Rc6+ Kb5 36. Rxe6 a5 37. Re4 a4 38. Kf2 Rc8
39. Re2 Rc1 40. Be5 g6 41. Rd2 Nb6 42. Bf6 Rc6 43. Bh8 Kb4 44. g4 Kb3 45. Rd3+
Kc2 46. Rh3 Rc7 47. Bd4 Nd5 48. Be5 Rf7+ 49. Rf3 Rxf3+ 50. Kxf3 Nb4 51. Bd6 Nd3
52. Ke4 Nxb2 53. h4 Nd3 54. h5 Kc3 55. hxg6 hxg6 56. Kd5 Nb4+ 57. Ke6 a3 58.
Kf6 a2 59. Be5+ Kc2 0-1

[Event "Landsholdsklassen"]
[Site "Svendborg"]
[Date "2018.03.26"]
[Round "3"]
[White "Percivaldi, Martin"]
[Black "Rewitz, Poul"]
[Result "1-0"]
[WhiteElo "2388"]
[BlackElo "2308"]
[PlyCount "163"]
[EventDate "2018.03.24"]
[EventType "tourn"]
[EventRounds "9"]
[EventCountry "DEN"]

1. Nf3 Nf6 2. c4 g6 3. Nc3 c5 4. e4 Nc6 5. d4 cxd4 6. Nxd4 d6 7. Be2 Nxd4 8.
Qxd4 Bg7 9. Bg5 Qa5 10. Qd2 Be6 11. Rc1 O-O 12. O-O Rfe8 13. f3 Rac8 14. b3 a6
15. Be3 Nd7 16. f4 Nc5 17. f5 Bxc3 18. Qxc3 Qxc3 19. Rxc3 Bd7 20. Bf3 Bc6 21.
fxg6 hxg6 22. Bxc5 dxc5 23. e5 Bxf3 24. Rcxf3 Rf8 25. Rd1 Rc6 26. Rd7 Re6 27.
Rxb7 Rxe5 28. Rd3 Ra8 29. Rdd7 Kf8 30. Kf2 Rf5+ 31. Ke2 Re5+ 32. Kf3 g5 33. Rd5
Rxd5 34. cxd5 Rd8 35. Ke4 Rd6 36. Rc7 Rf6 37. Ke3 Rf1 38. Rxc5 f5 39. h3 Re1+
40. Kf2 Rd1 41. Ra5 Kf7 42. b4 f4 43. Ke2 Rg1 44. Kf3 Rb1 45. Kg4 Rxb4 46. Kxg5
Rb2 47. Kxf4 Rxg2 48. Rxa6 Rf2+ 49. Ke5 Re2+ 50. Kd4 Rd2+ 51. Kc4 Rc2+ 52. Kb5
Rb2+ 53. Kc6 Rc2+ 54. Kb6 Rb2+ 55. Kc5 Rc2+ 56. Kb4 Rb2+ 57. Kc3 Rh2 58. a4
Rxh3+ 59. Kc4 Ke8 60. a5 Ra3 61. Kb4 Rd3 62. Kc5 Rc3+ 63. Kb4 Rd3 64. Rb6 Kd7
65. a6 Rd4+ 66. Kc5 Ra4 67. Rb7+ Kc8 68. Kb5 Rd4 69. Rxe7 Kb8 70. Kc6 Rc4+ 71.
Kd6 Ra4 72. Rb7+ Ka8 73. Rb6 Rc4 74. Kd7 Rh4 75. d6 Ka7 76. Rc6 Rh7+ 77. Kc8
Rh8+ 78. Kc7 Rh7+ 79. d7 Rg7 80. Kc8 Ka8 81. d8=Q Rc7+ 82. Kxc7+ 1-0

[Event "Landsholdsklassen"]
[Site "Svendborg"]
[Date "2018.03.27"]
[Round "4"]
[White "Borge, Nikolaj"]
[Black "Bjerre, Jonas Buhl"]
[Result "0-1"]
[WhiteElo "2392"]
[BlackElo "2354"]
[PlyCount "116"]
[EventDate "2018.03.24"]
[EventType "tourn"]
[EventRounds "9"]
[EventCountry "DEN"]

1. e4 c5 2. Nf3 e6 3. d4 cxd4 4. Nxd4 Nc6 5. Nc3 Qc7 6. g3 a6 7. Bg2 Nf6 8. O-O
Nxd4 9. Qxd4 Bc5 10. Bf4 d6 11. Qd2 h6 12. Rad1 e5 13. Be3 Be6 14. Bxc5 dxc5
15. Qd6 Qxd6 16. Rxd6 Rd8 17. Rfd1 Ke7 18. Rxd8 Rxd8 19. Rxd8 Kxd8 20. a3 Kc7
21. f3 Kc6 22. Kf2 b5 23. Nd1 Ne8 24. Ne3 Nd6 25. Bf1 a5 26. Ke1 b4 27. axb4
cxb4 28. b3 Kc5 29. Kd2 Kd4 30. g4 g6 31. Bd3 f6 32. Nf1 f5 33. gxf5 gxf5 34.
exf5 Bxf5 35. Ba6 e4 36. Be2 exf3 37. Bxf3 Ne4+ 38. Bxe4 Bxe4 39. Ne3 h5 40.
Nd1 Bf5 41. Ne3 Be6 42. Nf1 h4 43. Ne3 Ke4 44. Ke2 h3 45. Kf2 Kd4 46. Ke2 Bc8
47. Kd2 Bd7 48. Nd1 Ke4 49. Nf2+ Kf3 50. Nd3 Kg2 51. Ke3 Kxh2 52. Kf2 Bf5 53.
Ne5 Bxc2 54. Nf3+ Kh1 55. Ng1 Bxb3 56. Nxh3 a4 57. Ke1 a3 58. Nf2+ Kg2 0-1

[Event "Landsholdsklassen"]
[Site "Svendborg"]
[Date "2018.03.27"]
[Round "4"]
[White "Rasmussen, Allan Stig"]
[Black "Ochsner, Bjorn Moller"]
[Result "0-1"]
[WhiteElo "2540"]
[BlackElo "2459"]
[PlyCount "66"]
[EventDate "2018.03.24"]
[EventType "tourn"]
[EventRounds "9"]
[EventCountry "DEN"]

1. d4 d5 2. Nf3 Nf6 3. c4 e6 4. Nc3 Bb4 5. Qa4+ Nc6 6. e3 O-O 7. Qc2 Re8 8. Bd2
Bf8 9. a3 e5 10. dxe5 Nxe5 11. cxd5 Nxd5 12. h4 Bg4 13. Ng5 g6 14. f3 Bf5 15.
e4 Nxc3 16. Bxc3 h6 17. Be2 hxg5 18. exf5 gxh4 19. O-O gxf5 20. Qxf5 Qe7 21.
Rae1 Ng6 22. Kh1 Qc5 23. Qg4 Bg7 24. Bc4 Qc6 25. Rc1 Bxc3 26. Rxc3 Qf6 27. Bb3
Re7 28. Rc5 Kg7 29. f4 Rae8 30. Rf3 Re1+ 31. Kh2 Qd4 32. Qh5 Qg1+ 33. Kh3 Qh1+
0-1

[Event "Landsholdsklassen"]
[Site "Svendborg"]
[Date "2018.03.27"]
[Round "4"]
[White "Thybo, Jesper Sondergaard"]
[Black "Percivaldi, Martin"]
[Result "1-0"]
[WhiteElo "2472"]
[BlackElo "2388"]
[PlyCount "57"]
[EventDate "2018.03.24"]
[EventType "tourn"]
[EventRounds "9"]
[EventCountry "DEN"]

1. e4 e5 2. Nf3 Nc6 3. Bc4 Bc5 4. c3 Nf6 5. d3 d6 6. O-O O-O 7. Bg5 h6 8. Bh4
g5 9. Bg3 Bb6 10. Nbd2 Kg7 11. Bb3 Nh7 12. Nc4 f5 13. exf5 Bxf5 14. d4 e4 15.
Nfd2 Qd7 16. a4 Bg4 17. Qe1 Na5 18. Nxa5 Bxa5 19. Nc4 Bb6 20. a5 Qb5 21. Ra3
Be6 22. Nd2 e3 23. fxe3 Bxb3 24. Nxb3 Bxa5 25. Nxa5 Qxb2 26. Nc4 Qc2 27. Nd2
Nf6 28. Qc1 Qd3 29. c4 1-0

[Event "Landsholdsklassen"]
[Site "Svendborg"]
[Date "2018.03.27"]
[Round "4"]
[White "Skytte, Rasmus"]
[Black "Antonsen, Mikkel"]
[Result "0-1"]
[WhiteElo "2394"]
[BlackElo "2449"]
[PlyCount "66"]
[EventDate "2018.03.24"]
[EventType "tourn"]
[EventRounds "9"]
[EventCountry "DEN"]

1. d4 d5 2. Nf3 Nf6 3. c4 e6 4. Nc3 Be7 5. Bf4 O-O 6. e3 c5 7. dxc5 Bxc5 8.
cxd5 Nxd5 9. Nxd5 exd5 10. a3 Nc6 11. Bd3 Bb6 12. O-O Bg4 13. h3 Bh5 14. b4 a6
15. Rc1 d4 16. g4 Bg6 17. e4 f6 18. Re1 Kh8 19. Bc4 Ne5 20. Bd5 d3 21. Rc3 Rc8
22. Rxc8 Qxc8 23. Bxe5 fxe5 24. Qxd3 Be8 25. Qb3 Ba4 26. Qd3 Bb5 27. Qb3 Ba4
28. Qd3 Bd7 29. Kh1 Bxf2 30. Ra1 Bb5 31. Qd1 Qc3 32. Kg2 Ba4 33. Rc1 Qe3 0-1

[Event "Landsholdsklassen"]
[Site "Svendborg"]
[Date "2018.03.28"]
[Round "5"]
[White "Ochsner, Bjorn Moller"]
[Black "Hansen, Mads"]
[Result "1/2-1/2"]
[WhiteElo "2459"]
[BlackElo "2387"]
[PlyCount "60"]
[EventDate "2018.03.24"]
[EventType "tourn"]
[EventRounds "9"]
[EventCountry "DEN"]

1. Nf3 d5 2. c4 e6 3. g3 Nf6 4. Bg2 Be7 5. O-O O-O 6. b3 c5 7. e3 Nc6 8. Bb2 b6
9. Nc3 Bb7 10. cxd5 Nxd5 11. Nxd5 Qxd5 12. d4 Qf5 13. Ne5 Nxe5 14. Bxb7 Rad8
15. Qe2 cxd4 16. exd4 Nd7 17. Be4 Qa5 18. d5 Nf6 19. Bxf6 Bxf6 20. dxe6 Bxa1
21. e7 Bf6 22. exf8=Q+ Kxf8 23. Rd1 Rxd1+ 24. Qxd1 Qe5 25. Qd5 Qxd5 26. Bxd5
Bd4 27. a4 Ke7 28. Kf1 a5 29. Ke2 f5 30. h4 Kd6 1/2-1/2

[Event "Landsholdsklassen"]
[Site "Svendborg"]
[Date "2018.03.28"]
[Round "5"]
[White "Bjerre, Jonas Buhl"]
[Black "Rasmussen, Allan Stig"]
[Result "1-0"]
[WhiteElo "2354"]
[BlackElo "2540"]
[PlyCount "79"]
[EventDate "2018.03.24"]
[EventType "tourn"]
[EventRounds "9"]
[EventCountry "DEN"]

1. e4 g6 2. d4 Bg7 3. Nc3 d6 4. Be3 a6 5. Qd2 b5 6. h4 Nf6 7. f3 Nbd7 8. O-O-O
Bb7 9. g4 h6 10. Nh3 Nb6 11. g5 hxg5 12. hxg5 Nfd7 13. Be2 b4 14. Nb1 c5 15.
Nf2 Rg8 16. Ng4 Qc7 17. c3 Rc8 18. d5 Na4 19. Qc2 Qa5 20. Bd2 Ndb6 21. a3 Kd7
22. Rh7 b3 23. Qxb3 c4 24. Qb4 Nc5 25. Be3 Nb3+ 26. Kc2 Na1+ 27. Kd2 Nb3+ 28.
Ke1 Qxb4 29. axb4 Na4 30. Kf2 Nxb2 31. Rdh1 Rh8 32. Kg2 Rhg8 33. Nh6 Bxh6 34.
gxh6 Rgf8 35. Rg7 e6 36. f4 Ke7 37. Bf2 exd5 38. Bh4+ Ke6 39. Bg4+ f5 40. exf5+
1-0

[Event "Landsholdsklassen"]
[Site "Svendborg"]
[Date "2018.03.28"]
[Round "5"]
[White "Antonsen, Mikkel"]
[Black "Borge, Nikolaj"]
[Result "1/2-1/2"]
[WhiteElo "2449"]
[BlackElo "2392"]
[PlyCount "173"]
[EventDate "2018.03.24"]
[EventType "tourn"]
[EventRounds "9"]
[EventCountry "DEN"]

1. d4 Nf6 2. c4 g6 3. Nc3 Bg7 4. e4 d6 5. h3 O-O 6. Be3 e5 7. d5 Na6 8. g4 Nd7
9. Nge2 c6 10. Ng3 cxd5 11. cxd5 Nb6 12. Bb5 Bd7 13. Bxd7 Qxd7 14. b3 Rfc8 15.
Qd2 Nc5 16. Rb1 Rc7 17. a4 a6 18. O-O Rac8 19. Rfc1 Na8 20. a5 b5 21. Na2 Nb7
22. Rxc7 Qxc7 23. Rc1 Qd8 24. b4 Rxc1+ 25. Qxc1 Qc7 26. Qxc7 Nxc7 27. Nc3 Bf6
28. Bb6 Na8 29. Be3 Kf8 30. Kf1 Bd8 31. Ke2 Kg7 32. Kd3 Bc7 33. f4 f6 34. Nge2
Nd8 35. fxe5 fxe5 36. Ng1 Nf7 37. Nf3 Bd8 38. h4 Nh6 39. Nh2 Nf7 40. g5 Kf8 41.
Ke2 Kg8 42. Kf3 Kf8 43. Kg4 Kg7 44. Nf3 Kf8 45. Ne1 Ke8 46. Nc2 Kd7 47. Ne2 Ke8
48. Ne1 Kf8 49. Ng3 Nh8 50. Nf3 Nf7 51. h5 Nh8 52. Nh4 Ke8 53. Ba7 Kd7 54. Be3
Nc7 55. Bb6 Ne8 56. Bxd8 Kxd8 57. h6 Ke7 58. Nf3 Nf7 59. Kh4 Kf8 60. Nh2 Ke7
61. Ng4 Nh8 62. Ne2 Nf7 63. Nc3 Kd7 64. Ne3 Ke7 65. Kg4 Nc7 66. Ne2 Nh8 67. Ng3
Nf7 68. Kh4 Ne8 69. Ng4 Nh8 70. Nf2 Nf7 71. Nd1 Kd7 72. Nc3 Kd8 73. Nf1 Kd7 74.
Ne3 Kd8 75. Ng4 Kd7 76. Ne2 Kd8 77. Ng3 Ke7 78. Nf2 Nc7 79. Nd3 Ne8 80. Nf1 Kd7
81. Nd2 Nc7 82. Kg4 Kd8 83. Nb3 Kd7 84. Kh4 Kd8 85. Kg4 Kd7 86. Kh4 Kd8 87. Kg4
1/2-1/2

[Event "Landsholdsklassen"]
[Site "Svendborg"]
[Date "2018.03.28"]
[Round "5"]
[White "Percivaldi, Martin"]
[Black "Skytte, Rasmus"]
[Result "1/2-1/2"]
[WhiteElo "2388"]
[BlackElo "2394"]
[PlyCount "73"]
[EventDate "2018.03.24"]
[EventType "tourn"]
[EventRounds "9"]
[EventCountry "DEN"]

1. Nf3 d5 2. g3 c6 3. Bg2 Bg4 4. O-O e6 5. h3 Bh5 6. d3 Nd7 7. Nbd2 Bd6 8. b3
Ne7 9. Bb2 O-O 10. e4 a5 11. a3 Re8 12. Qe2 Rb8 13. Kh1 Ng6 14. Qe1 Ngf8 15. e5
Bc7 16. g4 Bg6 17. Nh2 f5 18. f4 b5 19. Nhf3 c5 20. a4 b4 21. Nh4 Nb6 22. Rd1
Qd7 23. Qf2 d4 24. Nc4 Nxc4 25. dxc4 Bd8 26. Nxg6 hxg6 27. g5 Bb6 28. Bf3 Qc7
29. Kg2 Nd7 30. Qe2 Kf7 31. Rh1 Rh8 32. h4 Rbg8 33. Rh2 Ke7 34. Rdh1 Nf8 35.
Kf2 Rh7 36. Ke1 Rgh8 37. Bc1 1/2-1/2